000 00840nam a2200265Ia 4500
003 OSt
005 20221005070109.0
006 a|||||r|||| 00| 0
007 ta
008 221004b |||||||| |||| 00| 0 hin d
020 _a8187524537
_c200
024 _a83493
037 _b8030, 30/03/2005, Hindi Book Centre
_cTextual
040 _aCRL
_cCRL
_bhin
041 _2hin
_ahin
082 _aNWxN32, 152P4
100 _aKanungo Indu Prakash Tr.
_9605306
245 0 _aAnnant mien phalete bimb
_b Tarkovski ka cinema tr by Indu Prakash Kanungo
260 _aMumbai
_bSamvad Prakashan India
_c2004
300 _a159p.
_ccm.
650 _a ARTS
650 _aMOTION PICTURES
_927571
942 _hNWxN32, 152P4
_cTEXL
_2cc
999 _c975670
_d975670